Dodávateľsko-odberateľské vzťahy ako súčasť plánovacieho procesu v kategórii SZNR záverečná práca postgraduálneho štúdia

Salvato in:
Dettagli Bibliografici
Autore principale: Kocúr, Ján
Ente Autore: Vysoká škola ekonomická v Bratislave
Altri autori: Moravčík, Jozef
Natura: Libro
Lingua:slovacco
Pubblicazione: Bratislava 1988
Tags: Aggiungi Tag
Nessun Tag, puoi essere il primo ad aggiungerne!!

MARC

LEADER 00000nam a2200000 4500
001 c034408
005 20221219091513.9
041 0 |a slo 
044 |a SK 
245 1 0 |a Dodávateľsko-odberateľské vzťahy ako súčasť plánovacieho procesu v kategórii SZNR  |b záverečná práca postgraduálneho štúdia  |c Ján Kocúr ; Ved. práce Jozef Moravčík 
264 1 |a Bratislava  |c 1988 
300 |a 45 s. 
100 1 |a Kocúr, Ján 
700 1 |a Moravčík, Jozef 
710 2 |a Vysoká škola ekonomická v Bratislave